000 00839nam a22002897a 4500
001 BR8104522
003 BR-BrBNA
005 20230928091020.0
007 ta
008 230509b bl.||||| |||| 00| 0 por d
040 _aBR-BrBNA
_bpor
_cBiblioteca Nacional de Agricultura
041 _a(Por)
072 _aP12; P10
_b/G514
090 _ P12 BR8104522
110 1 _aFundacao Estadual de Planejamento Agricola do Rio Grande do Norte, Natal (Brasil)
_94891
245 1 _aSubsidios a um plano diretor de acudagem para o Rio Grande do Norte [Brasil]
260 3 _aNatal, RN (Brasil):
_c1981.
300 _a34 p.
500 _a6 tables
650 _aPOLITICA AGRICOLA
650 _aACUDE
650 _aAGUA
650 _aRECURSO HIDRICO
650 _aRIO GRANDE DO NORTE
909 _a202309
_bLucia
_c55
_dLucia Elande
942 _cBK
999 _c31767
_d31767